01422nam a22002897a 4500003000400000005001700004008004100021020001800062040002500080082001900105100003500124245013100159260004400290300002800334500006400362500007000426590002800496650002000524700004500544700003400589910006100623942001400684952013500698952014100833952014100974999001701115OSt20210415124807.0210303b ||||| |||| 00| 0 spa d a9789945923407 aDO-SdBNPbspacBNPHU 4a616.462bC352d10aCastllo Nuñez, Yulino97800010aDislipidemia diabética /cYulino Castillo Núñez ; colaboración Carlos Alberto Aguilar-Salinas , Martín Rodríguez aSanto Domingo :bAmigo del Hogar,c2020 a254 p. :bil. ;c23 cm aIncluye datos biográficos del autor en la contracubierta  aIncluye referencias bibliográficas al final de los capítulos  aInventariado, 2021 / DG 4aDiabetes 993731 a Aguilar-Salinas, Carlos Alberto9783971 aRodríguez, Martín 978398 aInventariado, 2021 / DG/Validado. Control de calidad MFF 2ddccLBS1 00102ddc51718MOaBNPHUbPDcHDd2020-09-08eDeposito Legall0oBNPHU PD 616.462 C352dp2021-0565r2021-03-03w2021-03-03yLBS1 00102ddc51728MOaBNPHUbPDcHDd2020-09-08eDeposito Legall0oBNPHU PD 616.462 C352dp2021-0568r2021-03-03te. 2w2021-03-03yLBS1 00102ddc56708MOaBNPHUbGRcHDd2020-09-08eDeposito Legall0oBNPHU DS 616.462 C352dp2021-0570r2021-03-03te. 3w2021-03-03yLBS1 c49488d49488